000 00322nam a22001217a 4500
008 240615b |||||||| |||| 00| 0 eng d
020 _a81-219-0-551-6
100 _aR.S. Aggarwal
245 _aA Modern Approach to Verbal & Non Verbal Reasoning
260 _aNew Delhi
_bS. Chand
_c2004
300 _a592
942 _2ddc
_cBK
999 _c20716
_d20716